États américains les plus peuplés - Statistiques

Statistiques générales
  • Ce quiz a été pris 79 fois
  • Le résultat moyen est 12 sur 15
Statistiques - réponses
Population État % Correct
39,43M Californie
99%
19,87M New York
97%
31,29M Texas
97%
23,72M Floride
94%
7.95M Washington
90%
12,71M Illinois
76%
11,88M Ohio
72%
11,04M Caroline du Nord
71%
10,14M Michigan
71%
13,07M Pennsylvanie
68%
7,58M Arizona
67%
11,18M Géorgie
67%
8,81M Virginie
65%
7,22M Tennessee
64%
9,50M New Jersey
61%
Aucun quiz correspondant
Distribution des résultats
% des personnes avec chaque résultat
Percentile par nombre de réponses
Votre historique - résultats
Vous n’avez pas pris ce quiz